000 00509nam a22001697a 4500
003 OSt
005 20140310182529.0
008 130813t xxu||||| |||| 00| 0 eng d
020 _a1582735584
050 _aPE 1625
_b.N532 2003
110 _aTyphoon International.
_99665
245 _aThe new international webster's comprehensive dictionary of the english language /
260 _aNaples, Florida :
_bTyphoon International Corp.,
_c2003
300 _a1895 p. ;
_c28 cm.
942 _2lcc
999 _c14119
_d14119